| 000 | 00704nam a22001817a 4500 | ||
|---|---|---|---|
| 999 |
_c13467 _d13467 |
||
| 008 | 190325b ||||| |||| 00| 0 eng d | ||
| 020 | _a9788793237933 | ||
| 082 |
_22015 _aAV-Eb 371.207 _bD682 |
||
| 100 |
_aDongjiao, Zhang. _937684 |
||
| 245 |
_aSchool culture improvement / _cZhang Dongjiao |
||
| 260 |
_bRiver Publishers, _c©2015. |
||
| 300 | _a328 pages; | ||
| 440 |
_aRiver Publishers Series in Innovation and Change in Education Ser. _937685 |
||
| 500 | _aIncludes index. | ||
| 650 |
_aSchool management and organization--Denmark--Sociological aspects--Case studies. _937686 |
||
| 856 | _yhttps://ebookcentral.proquest.com/lib/uniofmindanao-ebooks/detail.action?docID=4509489 | ||
| 942 |
_2ddc _cEB |
||